000 00312nam a22001337a 4500
008 181030b xxu||||| |||| 00| 0 eng d
020 _a0803626665
041 _aeng
080 _23rd
_a610.73
100 _a2
101 _aINF
245 _aNursing Diagnosis with Interventions
_cDoenges, M.E
942 _2udc
_cBK
999 _c51106
_d51106